[Event "CAN-ch U12 Girls"]
[Site "Windsor"]
[Date "2016.07.06"]
[Round "2.77"]
[White "Boucher, Myriam"]
[Black "Lin, Alle"]
[Result "0-1"]
[WhiteElo "1167"]
[BlackElo "1108"]
[PlyCount "104"]
[EventDate "2016.07.05"]
[EventType "swiss"]
[EventRounds "7"]
[EventCountry "CAN"]
[SourceTitle "EXT 2022"]
[Source "ChessBase"]
[SourceDate "2021.10.06"]
[SourceVersion "1"]
[SourceVersionDate "2021.10.06"]
[SourceQuality "1"]

1. e4 e5 2. Nf3 Nc6 3. Nc3 Nf6 4. Bb5 a6 5. Ba4 Bc5 6. Nxe5 Bxf2+ 7. Kxf2 Nxe5 8. d4 Nc4 9. Bg5 Nxb2 10. Qb1 Nxa4 11. Nxa4 Nxe4+ 12. Kg1 Qxg5 13. Qe1 d5 14. Nc3 Qf5 15. Nxe4 dxe4 16. Qe3 0-0 17. Re1 Re8 18. Rf1 Qa5 19. Ra1 b5 20. a3 Bb7 21. h3 Qb6 22. Kh2 Rad8 23. c3 a5 24. Rhd1 b4 25. Rab1 b3 26. Rd2 a4 27. g3 c5 28. h4 cxd4 29. cxd4 Qd6 30. Ra1 Qd5 31. Rc1 Rc8 32. Rb1 Rc2 33. Rxc2 bxc2 34. Rc1 Qa2 35. Qc3 Rc8 36. Qe3 Qb2 37. g4 Rc3 38. Qg5 Qxa3 39. Qd8+ Qf8 40. Qg5 Qd6+ 41. Kg2 e3+ 42. Kf1 e2+ 43. Ke1 Qg3+ 44. Kd2 e1Q+ 45. Rxe1 Qd3+ 46. Kc1 Rc8 47. Qe5 Qa3+ 48. Kd2 c1Q+ 49. Rxc1 Qxc1+ 50. Kd3 Rc3+ 51. Ke2 Qb2+ 52. Kd1 Rc1# 0-1